| 000 | 01033nam a2200253 4500 | ||
|---|---|---|---|
| 005 | 20240530110950.0 | ||
| 008 | 221212s2022 ua acf f b 000 0 ara d | ||
| 017 |
_a2022/5017 _bمصر. دار الكتب |
||
| 020 | _a9789776809925 | ||
| 040 |
_aEG-CaGPL _cEG-CaGPL |
||
| 082 | 0 | 4 |
_221 _a726.8 _bق/م م |
| 100 | 0 | _aمحمد احمد جودة | |
| 245 | 1 | 2 |
_aالمواقع الاثرية فى المنيا واسيوط : _bخلال عصر الدولة الوسطى / _cتاليف محمد احمد جودة ؛ تقديم محمد الكحلاوى |
| 250 | _aط.1 | ||
| 260 |
_aالقاهرة : _bالمؤسسة الدولية للكناب، _c2022. |
||
| 300 |
_a428 ص. : _bايض ؛ _c24 سم. |
||
| 504 | _aيشتمل على ارجاعات ببليوجرافية | ||
| 650 | 0 | 7 |
_2qrmak _aالاثار، علم _zاسيوط |
| 650 | 0 | 7 |
_2qrmak _aالاثار، علم _zالمنيا |
| 651 | _2qrmak | ||
| 700 | 0 |
_aمحمد الكحلاوى _eمقدم |
|
| 942 |
_2ddc _cBK |
||
| 999 |
_c66978 _d66978 |
||